| 000 | 02059cam a22004694i 4500 | ||
|---|---|---|---|
| 003 | PE-LiUPU | ||
| 005 | 20250731173431.0 | ||
| 008 | 150616s1981 mx rb 000 0 spa d | ||
| 035 | _a(Sirsi) a527 | ||
| 040 |
_aPE-LiUPU _bspa _cPE-LiUPU _erda |
||
| 049 | _aPRUA | ||
| 082 | 0 | 4 |
_a280.4 _bA45 _221 |
| 100 | 1 |
_aAlvarez, Carmelo E., _eautor. |
|
| 245 | 1 | 3 |
_aEl protestantismo latinoamericano: entre crisis y el desafío / _cCarmelo E. Alvarez. |
| 264 | 1 |
_aMéxico : _bCasa Unida de Publicaciones, _c1981. |
|
| 300 |
_a152 páginas ; _c19 centímetros |
||
| 336 |
_atext _2rdacontent |
||
| 337 |
_aunmediated _2rdamedia |
||
| 338 |
_avolume _2rdacarrier |
||
| 504 | _aNota Bibliografica. | ||
| 505 | 0 | _aEl papel de la iglesia en América Latina -- Una educación teológica para la pastoral -- Hacia un culto autóctono en América Latina (primera parte) -- Hacia un culto autóctono en América Latina (segunda parte) -- La urgencia de la unidad pentecostal en América Latina -- El impacto del movimiento protestante en Puerto Rico -- La religiosidad indígena: busqueda de liberación humana -- Hacia una evangelización desde América Latina -- La lucha de los reformadores protestantes y la América Latina. | |
| 526 | _aSEG42 | ||
| 526 | _aSEG41 | ||
| 526 | _aSEG40 | ||
| 526 | _aSEG39 | ||
| 526 | _aP94 | ||
| 526 | _aP87 | ||
| 526 | _aP86 | ||
| 526 | _aP85 | ||
| 526 | _aP77 | ||
| 526 | _aP76 | ||
| 526 | _aP35 | ||
| 650 | 0 | 4 |
_aIglesias protestantes _zLatinoamérica. |
| 651 |
_aLatinoamérica _xhistoria de la Iglesia. |
||
| 910 |
_ajck _bjvq _cjck |
||
| 942 |
_2ddc _cBOOK |
||
| 949 |
_a280.4 A45 _wDEWEY _c1 _i20009 _lCCODEBUL1 _mBUL _p50.00 _r0 _sY _tBOOK _u19811215 _xTEOLOGIA _zUNKNOWN _0COMPRA _o.STAFF. Colección Teología |
||
| 994 |
_aC0 _bPEPRU |
||
| 596 | _a1 | ||
| 999 |
_a280.4 A45 _wDEWEY _c55337 _i20009 _d55337 _e2016-1-8 _f2021-11-11 _g5 _lCCODEBUL1 _mBUL _n1 _p50.00 _r0 _sY _tBOOK _u2015-6-16 _xTEOLOGIA _PP35 _0COMPRA _o.STAFF. Colección Teología |
||
| 980 |
_81 _gALBERTO SANCHEZ Responsable de Automatización |
||